| 000 | 00507nam a22001577a 4500 | ||
|---|---|---|---|
| 005 | 20231108142118.0 | ||
| 008 | 231108b |||||||| |||| 00| 0 eng d | ||
| 041 | _aEnglish | ||
| 082 | _a346.2 WAR | ||
| 100 |
_aWarren, OL ; Markuson, GC and Glickman, G _lEnglish |
||
| 245 |
_aWarren's Forms of Agreements : _bBusiness Forms / _cOL Warren, GC Markuson and G Glickman |
||
| 260 | _c1982 | ||
| 300 |
_b478 pages ; _c26 cm. |
||
| 650 |
_aLegal practice _bLaw |
||
| 942 |
_cBK _6ALISON_BN_VRIES |
||
| 999 |
_c441 _d441 |
||